Fundamentals of financial management
This book is used in the Applied Capital Budgeting at University of Massachussetts Dartmouth. It's a very helpful and useful book. In order to understand time value of money, financial statement analysis , capital budgeting and risk , return
Saved in:
| Main Author: | |
|---|---|
| Format: | Book |
| Language: | Undetermined |
| Published: |
New Jersey
Prentice-Hall
1986
|
| Subjects: | |
| Tags: |
Add Tag
No Tags, Be the first to tag this record!
|
| Institutions: | Trung tâm Học liệu Trường Đại học Cần Thơ |
|---|
| LEADER | 00828nam a2200217Ia 4500 | ||
|---|---|---|---|
| 001 | CTU_11555 | ||
| 008 | 210402s9999 xx 000 0 und d | ||
| 020 | |c 2.51 | ||
| 082 | |a 658.15 | ||
| 082 | |b V217 | ||
| 100 | |a Van Horne, James C. | ||
| 245 | 0 | |a Fundamentals of financial management | |
| 245 | 0 | |c James C. Van Horne | |
| 260 | |a New Jersey | ||
| 260 | |b Prentice-Hall | ||
| 260 | |c 1986 | ||
| 520 | |a This book is used in the Applied Capital Budgeting at University of Massachussetts Dartmouth. It's a very helpful and useful book. In order to understand time value of money, financial statement analysis , capital budgeting and risk , return | ||
| 650 | |a Corporations,Tập đoàn | ||
| 650 | |x Finance,Tài chính | ||
| 904 | |i Minh,Gia Linh,Hải | ||
| 980 | |a Trung tâm Học liệu Trường Đại học Cần Thơ | ||